Créatures et animaux légendaires par lettre de A à Z - Statistiques

Statistiques générales
  • Ce quiz a été pris 293 fois
  • Le résultat moyen est 14 sur 26
Statistiques - réponses
Indice Réponse % Correct
Emblème de la Chine qui crache du feu D Dragon
98%
Géant doté d'un seul œil C Cyclope
96%
Salarié au SMIC du père Noël L Lutin
90%
Son chant attire les marins vers le naufrage S Sirène
89%
Mangeur d'enfants O Ogre
88%
Buveur de sang V Vampire
88%
Mort-vivant Z Zombie
88%
Habitant du Paradis et envoyé de Dieu dans la chrétienté A Ange
87%
Femme à tête de serpent, aussi appelée Gorgone M Méduse
87%
Cheval ailé P Pégase
86%
Petit dans Harry Potter mais grand dans Le seigneur des anneaux E Elfe
79%
Himalayen aux grands pieds Y Yéti
78%
Monstre marin à plusieurs têtes H Hydre
68%
Serpent qui terrasse par son seul regard B Basilic
65%
Divinité de la nature sous les traits d'une jeune fille N Nymphe
61%
Mi aigle, mi lion, il apparait dans les mythes de Mésopotamie G Griffon
55%
Mi humain, mi chèvre de la mythologie grecque F Faune
29%
Serpent à plume aztèque Q Quetzalcoatl
27%
Personnage d'un roman médiéval dont le nom a remplacé "Goupil" R Renart
27%
Nain breton bienveillant ou malveillant K Korrigan
19%
Monstre folklorique provençal du nom d'une cité entre Arles et Avignon T Tarasque
11%
Mélange entre un lièvre et une antilope du folklore nord-américain J Jackalope
5%
Serpent du folklore pyrénéen qui mangeait des vaches I Isabit
1%
Cheval divin immortel à la robe blonde dans la mythologie grecque X Xanthos
1%
Yôkai né de l'esprit d'une femme morte pendant un accouchement U Ubume
0%
Le diable en personne dans le folklore lorrain W Warabouc
0%
Aucun quiz correspondant
Distribution des résultats
% des personnes avec chaque résultat
Percentile par nombre de réponses
Votre historique - résultats
Vous n’avez pas pris ce quiz